[Event "Roncana op-B 10th"]
[Site "Santa Eulalia de Roncana"]
[Date "2016.10.01"]
[Round "2"]
[White "Lopez Sanchez, Pedro"]
[Black "Rius Cambra, Josep Maria"]
[Result "1/2-1/2"]
[WhiteElo "1452"]
[BlackElo "1700"]
[PlyCount "74"]
[EventDate "2016.09.24"]
[EventType "swiss"]
[EventRounds "8"]
[EventCountry "ESP"]
[SourceTitle "EXT 2018"]
[Source "ChessBase"]
[SourceDate "2017.10.13"]
[SourceVersion "1"]
[SourceVersionDate "2017.10.13"]
[SourceQuality "1"]

1. d4 d5 2. c4 e6 3. Nc3 Nf6 4. Nf3 Nc6 5. c5 Be7 6. e3 0-0 7. Bd3 b6 8. cxb6 axb6 9. 0-0 Nb4 10. Be2 c5 11. Bd2 Qd7 12. Ne5 Qc7 13. Nb5 Qb7 14. a3 Nc6 15. Nxc6 Qxc6 16. Rc1 c4 17. Nc3 Ba6 18. b4 b5 19. f3 Bd6 20. e4 dxe4 21. fxe4 Nxe4 22. Nxe4 Qxe4 23. Bc3 Ra7 24. Bf3 Qd3 25. Qxd3 cxd3 26. Be4 Bb7 27. Bxb7 Rxb7 28. Rf3 Rc7 29. Rxd3 Rfc8 30. g3 h5 31. h4 f5 32. Kf2 Kf7 33. Kf3 g6 34. Ke2 f4 35. gxf4 Bxf4 36. Rf1 Ke7 37. Rxf4 Rxc3 1/2-1/2